000 00403pab a2200157 454500
008 180718b2004 xxu||||| |||| 00| 0 eng d
100 _aMallick, Zulquernain
245 _aTaguchi approach of quality management system: a review
260 _c2004
300 _ap.19-26.
362 _aJan-Jul
650 _aTotal quality management
700 _aHaleem, Abid
773 _aPranjana
909 _a61082
999 _c61082
_d61082